000 01111nam a2200229 a 4500
001 52884
003 BD-RjUL
005 20211209075857.0
008 160928r19541951ii |||| ||| 000 0 ben d
035 _a(BD-RjUL)53004
040 _aBD-RjUL
_bben
_cBD-RjUL
_dBD-RjUL
041 _aben
082 _223
_a843
_bDUB 1954
100 1 _aডুমা, এ্যালেকজান্ডার
_9158113
245 1 0 _aদি ব্ল্যাক টিউিলপ /
_cডুমা, এ্যালেকজান্ডার ; অনুবাদক : শ্রীক্ষিতীন্দ্রনারায়ণ ভট্টাচার্য
260 _aকলকাতা :
_bঅভু্যদয় প্রকাশ-মন্দির,
_c১৯৫১ [২য় মুদ্রণ ১৯৫৪]
300 _a[৬] ১২৫ পৃ. ;
_c১৬ সেমি.
650 _aফরাসি উপন্যাস
_9146691
650 _aFrench fiction
_9122841
700 _aভট্টাচার্য, শ্রীক্ষিতীন্দ্রনারায়ণ
_9158114
942 _2ddc
_cBK
999 _c52884
_d52884